00439nam a22001337a 4500008004100000020001500041082002100056100002100077245010300098260004400201300001400245600001600259700003000275230605b xxu||||| |||| 00| 0 eng d a9966918140 a333.7909676bKAR cStephen Karekezi aAfrepren Occasional PaperbDo the poor benefit from power sector reform? Evidence from east africa bAfrepren/fwd, UNEP and Sida/Sarecc2005 a108 pages cJohn Kimani cAmos Mutiga, Susan Amenya